UNIS Members by Picture - Statistics

General Stats
  • This quiz has been taken 26 times
  • The average score is 7 of 8
Answer Stats
Picture Answer % Correct
Elisia
100%
Gehlee
100%
Kotoko
95%
Nana
95%
Seowon
90%
Hyeonju
86%
Yoona
81%
Yunha
76%
No matching quizzes found
Score Distribution
Percent of People with Each Score
Percentile by Number Answered
Your Score History
You have not taken this quiz